[Event "6th Ferdowsi International Chess Open Tournament"]
[Site "Mashhad"]
[Date "2016.02.02"]
[Round "6"]
[Board "7"]
[White "Rasulov, Vugar"]
[Black "Godarz, Kasra"]
[Result "1-0"]
[WhiteElo "2493"]
[BlackElo "2123"]
[PlyCount "0"]
[EventDate "2016.01.29"]
[EventRounds "9"]
[EventCountry "IRI"]

1. e4 {[%clk 1:30:53]} e5 {[%clk 1:30:24]} 2. Nf3 {[%clk 1:31:07]} Nf6
{[%clk 1:30:52]} 3. Nxe5 {[%clk 1:31:19]} d6 {[%clk 1:31:17]} 4. Nf3
{[%clk 1:31:43]} Nxe4 {[%clk 1:31:42]} 5. c4 {[%clk 1:32:06]} Nc6
{[%clk 1:32:07]} 6. d4 {[%clk 1:31:40]} d5 {[%clk 1:32:30]} 7. a3
{[%clk 1:32:06]} Bf5 {[%clk 1:32:55]} 8. Bd3 {[%clk 1:31:49]} dxc4
{[%clk 1:33:22]} 9. Bxc4 {[%clk 1:32:08]} Bd6 {[%clk 1:33:40]} 10. O-O
{[%clk 1:32:10]} O-O {[%clk 1:33:36]} 11. Nc3 {[%clk 1:32:38]} Nxc3
{[%clk 1:29:57]} 12. bxc3 {[%clk 1:33:05]} h6 {[%clk 1:28:30]} 13. Bd3
{[%clk 1:30:24]} Qf6 {[%clk 1:22:59]} 14. Be3 {[%clk 1:28:32]} Rfe8
{[%clk 1:16:59]} 15. a4 {[%clk 1:23:35]} Ne7 {[%clk 1:08:04]} 16. c4
{[%clk 1:23:21]} Bg4 {[%clk 1:05:37]} 17. Be4 {[%clk 1:21:52]} Nf5
{[%clk 1:00:59]} 18. Qd3 {[%clk 1:21:10]} Bxf3 {[%clk 0:59:21]} 19. Bxf3
{[%clk 1:16:32]} Nxe3 {[%clk 0:57:27]} 20. fxe3 {[%clk 1:16:56]} Qh4
{[%clk 0:51:54]} 21. g3 {[%clk 1:16:59]} Qg5 {[%clk 0:52:04]} 22. Rae1
{[%clk 1:16:50]} c6 {[%clk 0:51:41]} 23. Qb3 {[%clk 1:15:40]} Rab8
{[%clk 0:39:37]} 24. Bg2 {[%clk 1:16:03]} c5 {[%clk 0:38:29]} 25. Bd5
{[%clk 1:15:47]} Re7 {[%clk 0:38:29]} 26. Qd3 {[%clk 1:15:49]} g6
{[%clk 0:26:58]} 27. Kg2 {[%clk 1:07:20]} h5 {[%clk 0:25:13]} 28. dxc5 Bxc5
{[%clk 0:24:32]} 29. h4 {[%clk 1:07:22]} Qh6 {[%clk 0:17:05]} 30. Bxf7+
{[%clk 1:07:17]} Rxf7 {[%clk 0:15:50]} 31. Rxf7 {[%clk 1:07:41]} Kxf7
{[%clk 0:16:17]} 32. Qd5+ {[%clk 1:08:06]} Kg7 {[%clk 0:15:01]} 33. Qe5+
{[%clk 1:08:30]} Kh7 {[%clk 0:15:28]} 34. Qxb8 {[%clk 1:08:54]} Qg7
{[%clk 0:15:47]} 35. Qf4 {[%clk 1:09:18]} Qc3 {[%clk 0:15:56]} 36. Rf1
{[%clk 1:09:33]} Bxe3 {[%clk 0:14:59]} 37. Qf7+ {[%clk 1:09:55]} Kh6
{[%clk 0:14:58]} 38. Qf8+ {[%clk 1:10:20]} Qg7 {[%clk 0:15:21]} 39. Qxg7+
{[%clk 1:10:47]} Kxg7 {[%clk 0:15:46]} 40. Rd1 {[%clk 1:11:14]} g5
{[%clk 0:15:01]} 41. hxg5 {[%clk 1:11:36]} Kg6 {[%clk 0:15:26]} 42. Rd7
{[%clk 1:12:01]} Kxg5 {[%clk 0:15:47]} 43. Kf3 {[%clk 1:12:25]} Bb6
{[%clk 0:15:56]} 44. c5 {[%clk 1:12:50]} 1-0

[Event "6th Ferdowsi International Chess Open Tournament"]
[Site "Mashhad"]
[Date "2016.02.02"]
[Round "6"]
[Board "9"]
[White "Abedi, Abolfazl"]
[Black "Polyakov, Maxim"]
[Result "1/2-1/2"]
[WhiteElo "2085"]
[BlackElo "2444"]
[PlyCount "0"]
[EventDate "2016.01.29"]
[EventRounds "9"]
[EventCountry "IRI"]

1. Nf3 {[%clk 1:30:25]} Nf6 {[%clk 1:30:51]} 2. d4 {[%clk 1:30:29]} g6
{[%clk 1:31:11]} 3. g3 {[%clk 1:29:21]} Bg7 {[%clk 1:30:56]} 4. Bg2
{[%clk 1:29:44]} O-O {[%clk 1:31:10]} 5. O-O {[%clk 1:30:05]} d6 {[%clk 1:31:35]}
6. c4 {[%clk 1:30:29]} Nbd7 {[%clk 1:32:02]} 7. Nc3 {[%clk 1:30:51]} e5
{[%clk 1:32:26]} 8. e4 {[%clk 1:31:05]} exd4 {[%clk 1:32:50]} 9. Nxd4
{[%clk 1:31:30]} Re8 {[%clk 1:33:17]} 10. h3 {[%clk 1:28:20]} a6 {[%clk 1:33:41]}
11. Bf4 {[%clk 1:23:59]} Rb8 {[%clk 1:31:28]} 12. Re1 {[%clk 1:21:10]} Ne5
{[%clk 1:31:53]} 13. b3 {[%clk 1:21:07]} c5 {[%clk 1:32:07]} 14. Nde2
{[%clk 1:15:35]} b5 {[%clk 1:32:32]} 15. cxb5 {[%clk 1:15:54]} axb5
{[%clk 1:33:01]} 16. Qc2 {[%clk 1:13:08]} b4 {[%clk 1:32:44]} 17. Na4
{[%clk 1:13:19]} Nh5 {[%clk 1:13:10]} 18. Be3 {[%clk 1:03:57]} f5
{[%clk 1:13:35]} 19. Rad1 {[%clk 1:02:33]} fxe4 {[%clk 1:09:59]} 20. Bxe4
{[%clk 0:59:15]} Qf6 {[%clk 1:06:25]} 21. g4 {[%clk 0:54:28]} Nf3+
{[%clk 1:06:23]} 22. Kf1 {[%clk 0:45:40]} Rxe4 {[%clk 1:03:04]} 23. Qxe4
{[%clk 0:42:30]} Bb7 {[%clk 1:03:28]} 24. Rd5 {[%clk 0:28:19]} Qf7
{[%clk 1:01:50]} 25. Red1 {[%clk 0:24:22]} Nh2+ {[%clk 1:02:12]} 26. Kg1
{[%clk 0:23:59]} Nf6 {[%clk 1:02:02]} 27. Qf4 {[%clk 0:23:21]} Nxd5
{[%clk 1:01:19]} 28. Qxf7+ {[%clk 0:23:35]} Kxf7 {[%clk 1:01:48]} 29. Kxh2
{[%clk 0:23:26]} Be5+ {[%clk 1:00:03]} 30. Kg1 {[%clk 0:23:30]} Ke6
{[%clk 1:00:20]} 31. Bc1 {[%clk 0:18:18]} Ba6 {[%clk 0:59:55]} 32. Re1
{[%clk 0:18:23]} Kd7 {[%clk 0:59:51]} 33. Ng3 {[%clk 0:14:13]} Kc6
{[%clk 0:59:27]} 34. Ne4 Bd4 {[%clk 0:59:28]} 35. Bb2 {[%clk 0:13:43]} Bxb2
{[%clk 0:59:13]} 36. Nxb2 {[%clk 0:14:04]} Re8 {[%clk 0:58:28]} 37. f3
{[%clk 0:12:53]} Nf4 {[%clk 0:58:45]} 38. Rd1 {[%clk 0:06:31]} d5
{[%clk 0:58:41]} 39. Ng3 {[%clk 0:02:58]} Nxh3+ {[%clk 0:59:05]} 40. Kg2
{[%clk 0:03:10]} Nf4+ {[%clk 0:59:35]} 41. Kf2 {[%clk 0:03:14]} Bb5
{[%clk 0:59:28]} 42. Rd2 {[%clk 0:03:02]} Re7 {[%clk 0:56:56]} 43. Rc2
{[%clk 0:02:07]} h5 {[%clk 0:56:33]} 44. gxh5 {[%clk 0:02:29]} gxh5
{[%clk 0:57:02]} 45. Nf5 {[%clk 0:02:36]} Re5 {[%clk 0:57:17]} 46. Nd4+
{[%clk 0:02:40]} Kb6 {[%clk 0:57:46]} 47. Nxb5 {[%clk 0:02:44]} Kxb5
{[%clk 0:58:15]} 48. Kg3 {[%clk 0:02:34]} Ne2+ {[%clk 0:58:33]} 49. Kf2
{[%clk 0:02:32]} Nc3 {[%clk 0:57:02]} 50. Nd3 {[%clk 0:02:33]} Rf5
{[%clk 0:57:26]} 51. a3 {[%clk 0:02:02]} d4 {[%clk 0:56:16]} 52. axb4
{[%clk 0:02:08]} c4 {[%clk 0:55:20]} 53. Nc1 {[%clk 0:00:42]} Kxb4
{[%clk 0:54:34]} 54. bxc4 {[%clk 0:00:57]} Kxc4 {[%clk 0:55:03]} 55. Kg3
{[%clk 0:00:53]} Ra5 {[%clk 0:52:39]} 56. Rd2 {[%clk 0:00:54]} Nd5
{[%clk 0:52:08]} 57. Rxd4+ {[%clk 0:01:19]} Kxd4 {[%clk 0:52:23]} 58. Nb3+
{[%clk 0:01:47]} Ke5 {[%clk 0:52:51]} 59. Nxa5 {[%clk 0:02:16]} Nf6
{[%clk 0:53:08]} 60. Nc4+ {[%clk 0:02:39]} Kf5 {[%clk 0:53:36]} 61. Nd6+
{[%clk 0:03:03]} Ke5 {[%clk 0:54:01]} 62. Nf7+ {[%clk 0:02:57]} Kf5
{[%clk 0:54:22]} 63. Nd6+ {[%clk 0:03:15]} Ke5 {[%clk 0:54:50]} 64. Nf7+
{[%clk 0:03:35]} Ke6 {[%clk 0:55:20]} 65. Nh6 {[%clk 0:03:50]} Ke5
{[%clk 0:55:47]} 66. Nf7+ {[%clk 0:04:12]} Ke6 {[%clk 0:56:07]} 67. Nh6
{[%clk 0:04:37]} Ke5 {[%clk 0:56:30]} 1/2-1/2

[Event "6th Ferdowsi International Chess Open Tournament"]
[Site "Mashhad"]
[Date "2016.02.02"]
[Round "6"]
[Board "10"]
[White "Karimi, Yeganeh"]
[Black "Khodashenas, Mersad"]
[Result "0-1"]
[WhiteElo "1971"]
[BlackElo "2393"]
[PlyCount "0"]
[EventDate "2016.01.29"]
[EventRounds "9"]
[EventCountry "IRI"]

1. e4 {[%clk 1:30:08]} e5 {[%clk 1:25:21]} 2. Nf3 {[%clk 1:30:32]} d6
{[%clk 1:25:46]} 3. d4 {[%clk 1:30:54]} exd4 {[%clk 1:26:09]} 4. Nxd4
{[%clk 1:31:22]} Nf6 {[%clk 1:26:24]} 5. Nc3 {[%clk 1:31:50]} Be7
{[%clk 1:26:41]} 6. Be2 {[%clk 1:29:52]} O-O {[%clk 1:27:07]} 7. O-O
{[%clk 1:28:01]} Re8 {[%clk 1:26:57]} 8. f4 {[%clk 1:28:14]} Bf8 {[%clk 1:25:02]}
9. Bf3 {[%clk 1:28:35]} c5 {[%clk 1:25:26]} 10. Nb3 {[%clk 1:25:04]} Nc6
{[%clk 1:25:54]} 11. Be3 {[%clk 1:24:31]} Bf5 {[%clk 1:26:21]} 12. Bxc5
{[%clk 1:07:33]} Nxe4 {[%clk 1:21:10]} 13. Bxe4 {[%clk 1:02:02]} Bxe4
{[%clk 1:21:02]} 14. Nxe4 {[%clk 1:01:55]} Rxe4 {[%clk 1:21:02]} 15. Qd3
{[%clk 0:56:51]} Qe8 {[%clk 1:19:42]} 16. Bd4 {[%clk 0:55:23]} d5
{[%clk 0:58:44]} 17. c3 {[%clk 0:51:38]} Nxd4 {[%clk 0:59:11]} 18. Nxd4
{[%clk 0:51:26]} Bc5 {[%clk 0:59:37]} 19. Rad1 {[%clk 0:36:42]} Qa4
{[%clk 0:51:04]} 20. a3 {[%clk 0:32:48]} Rae8 {[%clk 0:41:51]} 21. Kh1
{[%clk 0:29:59]} Bxd4 {[%clk 0:40:53]} 22. cxd4 {[%clk 0:30:25]} Re3
{[%clk 0:40:47]} 23. Qb1 {[%clk 0:27:03]} Re2 {[%clk 0:34:59]} 24. Rfe1
{[%clk 0:19:54]} g6 {[%clk 0:34:41]} 25. Rxe2 {[%clk 0:19:49]} Rxe2
{[%clk 0:34:27]} 26. Kg1 {[%clk 0:11:55]} Qb3 {[%clk 0:32:12]} 27. Rd3
{[%clk 0:11:05]} Qxb2 {[%clk 0:32:33]} 28. Qxb2 {[%clk 0:11:22]} Rxb2
{[%clk 0:33:00]} 29. Rc3 {[%clk 0:10:19]} Rd2 {[%clk 0:31:17]} 30. Rc7
{[%clk 0:10:14]} Rd1+ {[%clk 0:31:32]} 31. Kf2 {[%clk 0:10:34]} Rxd4
{[%clk 0:31:58]} 32. Rxb7 {[%clk 0:10:20]} Rxf4+ {[%clk 0:32:21]} 33. Ke3
{[%clk 0:10:37]} Ra4 {[%clk 0:32:41]} 34. Rb5 {[%clk 0:09:34]} Rxa3+
{[%clk 0:32:53]} 35. Kd4 {[%clk 0:09:46]} Ra2 {[%clk 0:33:11]} 0-1

[Event "6th Ferdowsi International Chess Open Tournament"]
[Site "Mashhad"]
[Date "2016.02.02"]
[Round "6"]
[Board "11"]
[White "Bakhtiari Kish, Mazdak"]
[Black "Grabliauskas, Virginijus"]
[Result "0-1"]
[WhiteElo "2067"]
[BlackElo "2322"]
[PlyCount "0"]
[EventDate "2016.01.29"]
[EventRounds "9"]
[EventCountry "IRI"]

1. e4 {[%clk 1:30:55]} e5 {[%clk 1:30:51]} 2. Nf3 {[%clk 1:30:26]} Nc6
{[%clk 1:31:16]} 3. Bb5 {[%clk 1:30:50]} a6 {[%clk 1:31:42]} 4. Ba4
{[%clk 1:31:17]} Nf6 {[%clk 1:32:04]} 5. d3 {[%clk 1:30:23]} b5 {[%clk 1:31:02]}
6. Bb3 {[%clk 1:30:50]} Bc5 {[%clk 1:31:25]} 7. O-O {[%clk 1:30:16]} d6
{[%clk 1:31:47]} 8. c3 {[%clk 1:30:30]} O-O {[%clk 1:26:48]} 9. Nbd2
{[%clk 1:20:11]} Bb6 {[%clk 1:25:53]} 10. a4 {[%clk 1:11:20]} Bd7
{[%clk 1:17:56]} 11. axb5 {[%clk 1:02:28]} axb5 {[%clk 1:18:17]} 12. Rxa8
{[%clk 1:02:54]} Qxa8 {[%clk 1:18:42]} 13. Nh4 {[%clk 1:03:10]} Ne7
{[%clk 0:49:19]} 14. h3 {[%clk 0:54:32]} Kh8 {[%clk 0:40:19]} 15. Ndf3
{[%clk 0:37:47]} h6 {[%clk 0:37:08]} 16. g4 {[%clk 0:32:04]} g5 {[%clk 0:30:46]}
17. Ng2 {[%clk 0:23:49]} Ng6 {[%clk 0:29:31]} 18. Be3 {[%clk 0:07:10]} c5
{[%clk 0:29:38]} 19. Nd2 {[%clk 0:07:38]} Kg7 {[%clk 0:14:40]} 20. Re1
{[%clk 0:06:56]} Rh8 {[%clk 0:11:44]} 21. Nf3 {[%clk 0:04:36]} d5
{[%clk 0:09:20]} 22. exd5 {[%clk 0:04:40]} Nxd5 {[%clk 0:09:45]} 23. Bd2
{[%clk 0:03:38]} Re8 {[%clk 0:08:51]} 24. Qa1 {[%clk 0:02:22]} Qb7
{[%clk 0:08:07]} 25. Qa2 {[%clk 0:02:35]} c4 {[%clk 0:04:45]} 26. dxc4
{[%clk 0:02:34]} Nxc3 {[%clk 0:04:31]} 27. Bxc3 {[%clk 0:00:51]} Qxf3
{[%clk 0:04:54]} 28. Ne3 {[%clk 0:00:52]} Bc6 {[%clk 0:03:42]} 0-1

[Event "6th Ferdowsi International Chess Open Tournament"]
[Site "Mashhad"]
[Date "2016.02.02"]
[Round "6"]
[Board "12"]
[White "Bagheri, Maziar"]
[Black "Vassalam, Mohammad Taghi"]
[Result "1-0"]
[WhiteElo "2262"]
[BlackElo "2053"]
[PlyCount "0"]
[EventDate "2016.01.29"]
[EventRounds "9"]
[EventCountry "IRI"]

1. e4 {[%clk 1:25:53]} e5 {[%clk 1:30:26]} 2. Nf3 {[%clk 1:26:15]} Nc6
{[%clk 1:30:47]} 3. Bb5 {[%clk 1:26:36]} d6 {[%clk 1:31:00]} 4. d4
{[%clk 1:24:29]} exd4 {[%clk 1:31:28]} 5. Nxd4 {[%clk 1:24:50]} Bd7
{[%clk 1:31:57]} 6. Nc3 {[%clk 1:24:57]} Nf6 {[%clk 1:32:18]} 7. O-O
{[%clk 1:23:46]} Be7 {[%clk 1:32:40]} 8. Re1 {[%clk 1:19:42]} O-O
{[%clk 1:33:00]} 9. Bf4 {[%clk 1:18:15]} Re8 {[%clk 1:25:11]} 10. Nf5
{[%clk 1:13:23]} Bxf5 {[%clk 1:21:20]} 11. exf5 {[%clk 1:13:52]} Qd7
{[%clk 1:16:28]} 12. g4 {[%clk 1:09:57]} h6 {[%clk 1:12:48]} 13. Nd5
{[%clk 1:04:06]} Nxd5 {[%clk 1:09:56]} 14. Qxd5 {[%clk 1:04:10]} a6
{[%clk 1:09:35]} 15. Ba4 {[%clk 1:03:41]} b5 {[%clk 1:07:16]} 16. Bb3
{[%clk 1:04:02]} Bf6 {[%clk 1:07:31]} 17. c3 {[%clk 1:03:49]} Rad8
{[%clk 1:02:54]} 18. Rxe8+ {[%clk 0:51:34]} Qxe8 {[%clk 0:53:46]} 19. Kg2
{[%clk 0:42:56]} Ne5 {[%clk 0:46:10]} 20. Re1 {[%clk 0:41:06]} Qd7
{[%clk 0:41:25]} 21. Qd1 {[%clk 0:31:01]} Nc4 {[%clk 0:33:22]} 22. Bc1
{[%clk 0:31:23]} Re8 {[%clk 0:29:55]} 23. Rxe8+ {[%clk 0:31:07]} Qxe8
{[%clk 0:27:29]} 24. Bc2 {[%clk 0:31:26]} c5 {[%clk 0:20:21]} 25. b3
{[%clk 0:28:59]} Qc6+ {[%clk 0:19:46]} 26. Qf3 {[%clk 0:26:31]} Qxf3+
{[%clk 0:18:21]} 27. Kxf3 {[%clk 0:25:41]} Ne5+ {[%clk 0:15:01]} 28. Kg3
{[%clk 0:26:09]} Nc6 {[%clk 0:15:02]} 29. Be4 {[%clk 0:25:33]} Nd8
{[%clk 0:08:14]} 30. Bd2 {[%clk 0:24:40]} a5 {[%clk 0:06:43]} 31. a3
{[%clk 0:21:03]} Kf8 {[%clk 0:05:46]} 32. h4 {[%clk 0:21:12]} Ke8
{[%clk 0:05:49]} 33. Bd3 {[%clk 0:19:38]} c4 {[%clk 0:03:41]} 34. bxc4
{[%clk 0:19:52]} bxc4 {[%clk 0:04:10]} 35. Bxc4 {[%clk 0:20:14]} Nb7
{[%clk 0:04:32]} 36. g5 {[%clk 0:18:24]} hxg5 {[%clk 0:05:00]} 37. hxg5
{[%clk 0:18:46]} Be7 {[%clk 0:05:23]} 38. g6 {[%clk 0:15:11]} f6 {[%clk 0:05:37]}
39. Bb5+ {[%clk 0:14:36]} Kd8 {[%clk 0:05:56]} 40. c4 {[%clk 0:14:22]} Kc7
{[%clk 0:05:58]} 41. Ba6 {[%clk 0:13:30]} Bd8 {[%clk 0:06:26]} 42. Bxb7
{[%clk 0:12:31]} 1-0

[Event "6th Ferdowsi International Chess Open Tournament"]
[Site "Mashhad"]
[Date "2016.02.03"]
[Round "7"]
[Board "1"]
[White "Zubarev, Alexander"]
[Black "Chigaev, Maksim"]
[Result "0-1"]
[WhiteElo "2553"]
[BlackElo "2526"]
[PlyCount "0"]
[EventDate "2016.01.29"]
[EventRounds "9"]
[EventCountry "IRI"]

1. d4 {[%clk 1:30:38]} Nf6 {[%clk 1:30:55]} 2. c4 {[%clk 1:31:03]} e6
{[%clk 1:31:20]} 3. Nf3 {[%clk 1:30:56]} b6 {[%clk 1:31:43]} 4. g3
{[%clk 1:31:11]} Bb7 {[%clk 1:32:07]} 5. Bg2 {[%clk 1:31:32]} Be7
{[%clk 1:32:30]} 6. O-O {[%clk 1:31:47]} O-O {[%clk 1:32:52]} 7. Nc3
{[%clk 1:30:36]} Ne4 {[%clk 1:33:15]} 8. Bd2 {[%clk 1:31:01]} Bf6
{[%clk 1:33:38]} 9. Qc2 {[%clk 1:24:05]} Nxd2 {[%clk 1:33:57]} 10. Qxd2
{[%clk 1:24:31]} d6 {[%clk 1:34:11]} 11. d5 {[%clk 1:18:42]} e5 {[%clk 1:34:10]}
12. Ne1 {[%clk 1:18:42]} Nd7 {[%clk 1:30:00]} 13. Nd3 {[%clk 1:16:11]} a5
{[%clk 1:29:36]} 14. Rae1 {[%clk 1:15:57]} g6 {[%clk 1:28:26]} 15. f4
{[%clk 1:15:42]} exf4 {[%clk 1:16:58]} 16. gxf4 {[%clk 1:16:04]} Bxc3
{[%clk 1:14:58]} 17. Qxc3 {[%clk 1:16:09]} f5 {[%clk 1:14:36]} 18. e4
{[%clk 1:06:53]} fxe4 {[%clk 1:14:59]} 19. Rxe4 {[%clk 1:07:02]} Qf6
{[%clk 1:15:08]} 20. Qxf6 {[%clk 1:05:12]} Nxf6 {[%clk 1:15:28]} 21. Re7
{[%clk 1:04:18]} Rf7 {[%clk 1:15:51]} 22. Rxf7 {[%clk 1:00:28]} Kxf7
{[%clk 1:16:07]} 23. Ne5+ {[%clk 0:59:40]} Kg7 {[%clk 1:14:59]} 24. Nf3
{[%clk 0:59:13]} Re8 {[%clk 1:14:57]} 25. Nd4 {[%clk 0:41:05]} Bc8
{[%clk 1:15:09]} 26. Bf3 {[%clk 0:41:17]} Bd7 {[%clk 1:13:07]} 27. Rd1
{[%clk 0:38:44]} Ne4 {[%clk 1:07:19]} 28. Re1 {[%clk 0:37:03]} Nc5
{[%clk 1:06:43]} 29. Rxe8 {[%clk 0:36:06]} Bxe8 {[%clk 1:07:06]} 30. b3
{[%clk 0:33:12]} Nd3 {[%clk 0:46:17]} 31. Ne6+ {[%clk 0:18:38]} Kf7
{[%clk 0:46:30]} 32. Nxc7 {[%clk 0:19:00]} Nxf4 {[%clk 0:46:11]} 33. Na8
{[%clk 0:10:22]} b5 {[%clk 0:46:02]} 34. Nb6 {[%clk 0:10:16]} Ke7
{[%clk 0:40:58]} 35. Kf2 {[%clk 0:09:21]} Kd8 {[%clk 0:39:59]} 36. Ke3
{[%clk 0:08:35]} g5 {[%clk 0:39:26]} 37. cxb5 {[%clk 0:05:09]} Bxb5
{[%clk 0:39:49]} 38. a4 {[%clk 0:03:13]} Ba6 {[%clk 0:39:03]} 39. Kd4
{[%clk 0:03:04]} Kc7 {[%clk 0:38:48]} 40. Nc4 {[%clk 0:03:23]} Bxc4
{[%clk 0:39:09]} 41. bxc4 {[%clk 0:01:27]} Kb6 {[%clk 0:39:12]} 42. c5+
{[%clk 0:01:29]} dxc5+ {[%clk 0:39:30]} 43. Ke5 {[%clk 0:01:42]} Kc7
{[%clk 0:34:43]} 44. d6+ {[%clk 0:01:50]} Kd8 {[%clk 0:35:04]} 45. Be4
{[%clk 0:01:46]} h6 {[%clk 0:34:28]} 46. Bc6 {[%clk 0:00:50]} h5 {[%clk 0:31:29]}
47. Kf5 {[%clk 0:00:44]} Nh3 {[%clk 0:30:28]} 48. Bg2 {[%clk 0:00:39]} c4
{[%clk 0:29:26]} 49. Bf1 {[%clk 0:00:34]} c3 {[%clk 0:29:37]} 50. Bd3
{[%clk 0:00:59]} g4 {[%clk 0:29:11]} 51. Bb1 {[%clk 0:01:06]} Ng1
{[%clk 0:29:00]} 52. Kg5 {[%clk 0:00:52]} Nf3+ {[%clk 0:29:14]} 53. Kxh5
{[%clk 0:01:09]} Nxh2 {[%clk 0:29:38]} 54. Kh4 {[%clk 0:01:23]} Kd7
{[%clk 0:29:17]} 55. Kg3 {[%clk 0:01:36]} Nf1+ {[%clk 0:28:51]} 56. Kf2
{[%clk 0:00:45]} Nd2 {[%clk 0:29:13]} 57. Bf5+ {[%clk 0:00:46]} Kxd6
{[%clk 0:29:37]} 0-1

[Event "6th Ferdowsi International Chess Open Tournament"]
[Site "Mashhad"]
[Date "2016.02.03"]
[Round "7"]
[Board "2"]
[White "Bocharov, Dmitry"]
[Black "Maletin, Pavel"]
[Result "1/2-1/2"]
[WhiteElo "2567"]
[BlackElo "2580"]
[PlyCount "0"]
[EventDate "2016.01.29"]
[EventRounds "9"]
[EventCountry "IRI"]

1. e4 {[%clk 1:30:39]} e5 {[%clk 1:30:45]} 2. Nf3 {[%clk 1:30:32]} Nc6
{[%clk 1:29:14]} 3. Bb5 {[%clk 1:30:47]} Nf6 {[%clk 1:29:07]} 4. O-O
{[%clk 1:30:29]} Nxe4 {[%clk 1:29:09]} 5. Re1 {[%clk 1:30:10]} Nd6
{[%clk 1:29:18]} 6. Nxe5 {[%clk 1:29:46]} Be7 {[%clk 1:29:10]} 7. Bf1
{[%clk 1:29:28]} Nxe5 {[%clk 1:28:57]} 8. Rxe5 {[%clk 1:29:50]} O-O
{[%clk 1:29:13]} 9. Nc3 {[%clk 1:29:26]} Ne8 {[%clk 1:28:44]} 10. Nd5
{[%clk 1:27:25]} Bd6 {[%clk 1:28:51]} 11. Re1 {[%clk 1:26:53]} c6
{[%clk 1:28:15]} 12. Ne3 {[%clk 1:27:12]} Bc7 {[%clk 1:27:07]} 13. Nf5
{[%clk 1:26:18]} d5 {[%clk 1:26:43]} 14. Ne7+ {[%clk 1:26:24]} Kh8
{[%clk 1:24:55]} 15. Nxc8 {[%clk 1:26:36]} Rxc8 {[%clk 1:24:25]} 16. d3
{[%clk 1:25:41]} Nf6 {[%clk 1:23:48]} 17. Qf3 {[%clk 1:24:11]} Qd7
{[%clk 1:22:34]} 18. h3 {[%clk 1:18:00]} Rce8 {[%clk 1:22:27]} 19. Bd2
{[%clk 1:18:06]} Rxe1 {[%clk 1:22:46]} 20. Rxe1 {[%clk 1:18:25]} Re8
{[%clk 1:23:00]} 21. Rxe8+ {[%clk 1:18:37]} Qxe8 {[%clk 1:23:23]} 22. g3
{[%clk 1:18:51]} Kg8 {[%clk 1:23:10]} 23. Kg2 {[%clk 1:19:08]} Qe6
{[%clk 1:23:16]} 24. c3 {[%clk 1:19:16]} Nd7 {[%clk 1:20:08]} 25. Bf4
{[%clk 1:17:54]} Bxf4 {[%clk 1:20:01]} 26. Qxf4 {[%clk 1:18:15]} Qe5
{[%clk 1:19:36]} 27. Qb4 {[%clk 1:17:37]} Nb6 {[%clk 1:19:16]} 28. d4
{[%clk 1:16:44]} Qc7 {[%clk 1:19:15]} 29. Bd3 {[%clk 1:16:57]} Nc8
{[%clk 1:19:29]} 30. Qa4 {[%clk 1:17:17]} g6 {[%clk 1:19:40]} 1/2-1/2

[Event "6th Ferdowsi International Chess Open Tournament"]
[Site "Mashhad"]
[Date "2016.02.03"]
[Round "7"]
[Board "3"]
[White "Guseinov, Gadir"]
[Black "Rasulov, Vugar"]
[Result "1/2-1/2"]
[WhiteElo "2646"]
[BlackElo "2493"]
[PlyCount "0"]
[EventDate "2016.01.29"]
[EventRounds "9"]
[EventCountry "IRI"]

1. e4 {[%clk 1:29:54]} c5 {[%clk 1:30:40]} 2. Nf3 {[%clk 1:30:15]} d6
{[%clk 1:30:31]} 3. Bb5+ {[%clk 1:30:38]} Nc6 {[%clk 1:30:30]} 4. O-O
{[%clk 1:30:46]} Bd7 {[%clk 1:30:45]} 5. Re1 {[%clk 1:30:49]} Nf6
{[%clk 1:30:44]} 6. c3 {[%clk 1:31:04]} a6 {[%clk 1:29:35]} 7. Bc4
{[%clk 1:31:19]} Bg4 {[%clk 1:23:40]} 8. d4 {[%clk 1:31:27]} e6 {[%clk 1:23:50]}
9. d5 {[%clk 1:24:43]} Ne5 {[%clk 1:23:45]} 10. Be2 {[%clk 1:24:58]} Nxf3+
{[%clk 1:21:18]} 11. Bxf3 {[%clk 1:25:19]} Bxf3 {[%clk 1:21:32]} 12. Qxf3
{[%clk 1:25:41]} exd5 {[%clk 1:15:18]} 13. exd5+ {[%clk 1:24:43]} Be7
{[%clk 1:15:44]} 14. a4 {[%clk 1:15:52]} O-O {[%clk 1:15:47]} 15. Bf4
{[%clk 1:12:06]} Re8 {[%clk 1:14:09]} 16. Na3 {[%clk 1:10:47]} Qd7
{[%clk 1:10:21]} 17. Nc4 {[%clk 0:59:23]} Bf8 {[%clk 1:08:19]} 18. Nb6
{[%clk 0:59:01]} Rxe1+ {[%clk 1:08:41]} 19. Rxe1 {[%clk 0:59:28]} Re8
{[%clk 1:09:04]} 20. Rxe8 {[%clk 0:59:31]} Qxe8 {[%clk 1:09:29]} 21. Qe3
{[%clk 0:59:37]} Qxe3 {[%clk 1:07:07]} 22. fxe3 {[%clk 0:46:12]} Ne4
{[%clk 1:07:11]} 23. g4 {[%clk 0:42:38]} g5 {[%clk 1:01:33]} 24. Bg3
{[%clk 0:42:54]} f5 {[%clk 1:01:34]} 25. gxf5 {[%clk 0:43:00]} Kf7
{[%clk 1:01:54]} 26. Kg2 {[%clk 0:42:33]} g4 {[%clk 1:02:24]} 27. h3
{[%clk 0:29:24]} h5 {[%clk 1:02:51]} 28. hxg4 {[%clk 0:29:49]} hxg4
{[%clk 1:03:18]} 29. a5 {[%clk 0:29:04]} Be7 {[%clk 1:02:56]} 30. Nc4
{[%clk 0:24:51]} Bf8 {[%clk 1:03:16]} 31. Bh4 {[%clk 0:22:06]} Be7
{[%clk 1:03:34]} 32. Be1 {[%clk 0:21:02]} Kf6 {[%clk 1:01:29]} 33. Bh4+
{[%clk 0:20:44]} Kf7 {[%clk 1:01:57]} 34. Bg3 {[%clk 0:18:20]} Kf6
{[%clk 1:00:37]} 1/2-1/2